| 000 | 00000nam##2200000za#4500 |
| 001 | 9.624848 |
| 003 | CaOODSP |
| 005 | 20200401041940 |
| 007 | ta |
| 008 | 150406|1998||||xxc||||| f|0| 0 fre|d |
| 020 | |a0-662-83153-5 |
| 040 | |aCaOODSP|bfre |
| 043 | |an-cn--- |
| 086 | 1 |aF21-6/1998-3F |
| 110 | 1 |aCanada.|bMinistère des finances.|bGroupe de travail sur l'avenir du secteur des services financiers canadien. |
| 245 | 10|aLes restrictions à la propriété et la valeur des actions des banques canadiennes / |cpar Gerald Garvey et Ron Giammarino. |
| 260 | |aOttawa - Ontario : |bFinances Canada. |c1998. |
| 300 | |a45p. : |bgraphiques, tableaux ; |c28 cm. |
| 490 | 1 |aDocument de recherche préparé pour le Groupe de travail sur l'avenir du secteur des services financiers canadien |
| 500 | |aN.B.: Le numéro de catalogue (BT22-61/3-1998F-3) imprimé dans cette publication est incorrect. |
| 504 | |aBibliographie. |
| 563 | |aCouverture souple |
| 590 | |a98-45|b1998-11-06 |
| 691 | 07|aInvestissement|2gcpds |
| 720 | 1 |aGarvey, Gerald |
| 720 | 1 |aGiammarino, Ron |
| 775 | 08|tOwnership restrictions and the value of Canadian bank stocks / |w(CaOODSP)9.614530 |
| 776 | 0#|tLes restrictions à la propriété et la valeur des actions des banques canadiennes / |w(CaOODSP)9.602696 |
| 830 | #0|aDocument de recherche préparé pour le Groupe de travail sur l'avenir du secteur des services financiers canadien.|w(CaOODSP)9.513003 |